US States From Four Words #5 - Statistics

General Stats
  • This quiz has been taken 680 times
  • The average score is 5 of 7
Answer Stats
Answer % Correct
Utah
82%
Ohio
81%
Iowa
73%
Idaho
70%
Alaska
63%
South Dakota
54%
Oklahoma
38%
No matching quizzes found
Score Distribution
Percent of People with Each Score
Percentile by Number Answered
Your Score History
You have not taken this quiz